000 00732nam a2200229 i 4500
001 15456
003 ES-MaACL
005 20250819062048.0
007 t|
008 000316s1963 mx |||| |dspa d
080 _a082.2 Giral, José
245 0 0 _aHomenaje a Don José Giral.
260 _aMéxico :
_bAcción Republicana Democrática Española,
_c1963.
300 _a31 p. ;
_c23 cm.
500 _aActo celebrado en el Ateneo Español de México.
500 _aDatos tomados de cubierta.
600 1 4 _aGiral, José-
_vHomenajes.
_957182
710 2 _aAcción Republicana Democrática Española
_91250
710 2 _aAteneo Español de México.
_92039
852 _aES-MaACL
_j2136-F-23
999 _c15456
_d15456